<?xml version="1.0" encoding="UTF-8"?>
<record
    xmlns:xsi="http://www.w3.org/2001/XMLSchema-instance"
    xsi:schemaLocation="http://www.loc.gov/MARC21/slim http://www.loc.gov/standards/marcxml/schema/MARC21slim.xsd"
    xmlns="http://www.loc.gov/MARC21/slim">

  <leader>01617nam0a2200409 i 4500</leader>
  <controlfield tag="001">RU\NLR\BIBL_A\010360379</controlfield>
  <controlfield tag="005">20240921171722.0</controlfield>
  <datafield tag="010" ind1=" " ind2=" ">
    <subfield code="a">9785386072124</subfield>
    <subfield code="9">5000</subfield>
  </datafield>
  <datafield tag="021" ind1=" " ind2=" ">
    <subfield code="a">RU</subfield>
    <subfield code="b">2014-22070</subfield>
    <subfield code="9">1371</subfield>
  </datafield>
  <datafield tag="035" ind1=" " ind2=" ">
    <subfield code="a">(NILC)RuMoRGB-006766787</subfield>
  </datafield>
  <datafield tag="035" ind1=" " ind2=" ">
    <subfield code="a">(NLR Aleph) 010360379</subfield>
  </datafield>
  <datafield tag="090" ind1=" " ind2=" ">
    <subfield code="a">10777257</subfield>
    <subfield code="c">10777257</subfield>
  </datafield>
  <datafield tag="100" ind1=" " ind2=" ">
    <subfield code="a">20140523d2014    u  y0rusy50      ca</subfield>
  </datafield>
  <datafield tag="101" ind1="0" ind2=" ">
    <subfield code="a">rus</subfield>
  </datafield>
  <datafield tag="102" ind1=" " ind2=" ">
    <subfield code="a">RU</subfield>
  </datafield>
  <datafield tag="105" ind1=" " ind2=" ">
    <subfield code="a">y|||z||||||y|</subfield>
  </datafield>
  <datafield tag="200" ind1="1" ind2=" ">
    <subfield code="a">&#x41F;&#x438;&#x432;&#x43E; &#x438; &#x43A;&#x432;&#x430;&#x441;</subfield>
    <subfield code="e">1000 &#x43B;&#x443;&#x447;&#x448;&#x438;&#x445; &#x440;&#x435;&#x446;&#x435;&#x43F;&#x442;&#x43E;&#x432;</subfield>
    <subfield code="f">[&#x441;&#x43E;&#x441;&#x442;.: &#x421;. &#x41F;. &#x41A;&#x430;&#x448;&#x438;&#x43D;]</subfield>
  </datafield>
  <datafield tag="210" ind1=" " ind2=" ">
    <subfield code="a">&#x41C;&#x43E;&#x441;&#x43A;&#x432;&#x430;</subfield>
    <subfield code="c">&#x420;&#x418;&#x41F;&#x41E;&#x41B; &#x43A;&#x43B;&#x430;&#x441;&#x441;&#x438;&#x43A;</subfield>
    <subfield code="d">2014</subfield>
  </datafield>
  <datafield tag="215" ind1=" " ind2=" ">
    <subfield code="a">574, [1] &#x441;.</subfield>
    <subfield code="d">15</subfield>
  </datafield>
  <datafield tag="225" ind1="1" ind2=" ">
    <subfield code="a">&#x412;&#x430;&#x448; &#x434;&#x43E;&#x43C;&#x430;&#x448;&#x43D;&#x438;&#x439; &#x43F;&#x43E;&#x432;&#x430;&#x440;</subfield>
  </datafield>
  <datafield tag="300" ind1=" " ind2=" ">
    <subfield code="a">&#x412; &#x432;&#x44B;&#x43F;. &#x434;&#x430;&#x43D;. &#x438; &#x43D;&#x430; &#x43E;&#x431;&#x43E;&#x440;&#x43E;&#x442;&#x435; &#x442;&#x438;&#x442;. &#x43B;. &#x432; &#x43C;&#x430;&#x43A;&#x435;&#x442;&#x435; &#x437;&#x430;&#x433;&#x43B;.: &#x412;&#x430;&#x448; &#x434;&#x43E;&#x43C;&#x430;&#x448;&#x43D;&#x438;&#x439; &#x43F;&#x43E;&#x432;&#x430;&#x440;. &#x41F;&#x438;&#x432;&#x43E; &#x438; &#x43A;&#x432;&#x430;&#x441;. 1000 &#x43B;&#x443;&#x447;&#x448;&#x438;&#x445; &#x440;&#x435;&#x446;&#x435;&#x43F;&#x442;&#x43E;&#x432;</subfield>
  </datafield>
  <datafield tag="517" ind1="1" ind2=" ">
    <subfield code="a">&#x412;&#x430;&#x448; &#x434;&#x43E;&#x43C;&#x430;&#x448;&#x43D;&#x438;&#x439; &#x43F;&#x43E;&#x432;&#x430;&#x440;. &#x41F;&#x438;&#x432;&#x43E; &#x438; &#x43A;&#x432;&#x430;&#x441;. 1000 &#x43B;&#x443;&#x447;&#x448;&#x438;&#x445; &#x440;&#x435;&#x446;&#x435;&#x43F;&#x442;&#x43E;&#x432;</subfield>
  </datafield>
  <datafield tag="606" ind1=" " ind2=" ">
    <subfield code="a">&#x414;&#x43E;&#x43C;&#x430;&#x448;&#x43D;&#x435;&#x435; &#x43F;&#x438;&#x432;&#x43E;&#x432;&#x430;&#x440;&#x435;&#x43D;&#x438;&#x435;</subfield>
    <subfield code="9">2108168</subfield>
    <subfield code="3">RU\NLR\AUTH\661274316</subfield>
  </datafield>
  <datafield tag="606" ind1=" " ind2=" ">
    <subfield code="a">&#x41A;&#x432;&#x430;&#x441;</subfield>
    <subfield code="x">&#x420;&#x435;&#x446;&#x435;&#x43F;&#x442;&#x443;&#x440;&#x430;</subfield>
    <subfield code="9">2107081</subfield>
    <subfield code="3">RU\NLR\AUTH\661273761</subfield>
  </datafield>
  <datafield tag="606" ind1=" " ind2=" ">
    <subfield code="a">&#x417;&#x430;&#x43A;&#x443;&#x441;&#x43A;&#x438; &#x445;&#x43E;&#x43B;&#x43E;&#x434;&#x43D;&#x44B;&#x435;</subfield>
    <subfield code="x">&#x420;&#x435;&#x446;&#x435;&#x43F;&#x442;&#x443;&#x440;&#x430;</subfield>
    <subfield code="9">2096271</subfield>
    <subfield code="3">RU\NLR\AUTH\661268315</subfield>
  </datafield>
  <datafield tag="610" ind1="0" ind2=" ">
    <subfield code="a">&#x437;&#x430;&#x43A;&#x443;&#x441;&#x43A;&#x438; &#x43A; &#x43F;&#x438;&#x432;&#x443;</subfield>
  </datafield>
  <datafield tag="675" ind1=" " ind2=" ">
    <subfield code="a">663.1/.4(083.12)</subfield>
  </datafield>
  <datafield tag="686" ind1="1" ind2=" ">
    <subfield code="a">&#x41B;991.4</subfield>
  </datafield>
  <datafield tag="686" ind1="1" ind2=" ">
    <subfield code="a">&#x41B;876</subfield>
  </datafield>
  <datafield tag="686" ind1="1" ind2=" ">
    <subfield code="a">&#x41B;877</subfield>
  </datafield>
  <datafield tag="702" ind1=" " ind2="1">
    <subfield code="a">&#x41A;&#x430;&#x448;&#x438;&#x43D;</subfield>
    <subfield code="b">&#x421;. &#x41F;.</subfield>
    <subfield code="g">&#x421;&#x435;&#x440;&#x433;&#x435;&#x439; &#x41F;&#x430;&#x432;&#x43B;&#x43E;&#x432;&#x438;&#x447;</subfield>
    <subfield code="4">220</subfield>
  </datafield>
  <datafield tag="801" ind1=" " ind2="0">
    <subfield code="a">RU</subfield>
    <subfield code="b">RuMoRKP</subfield>
    <subfield code="c">20140324</subfield>
    <subfield code="g">RCR</subfield>
  </datafield>
  <datafield tag="801" ind1=" " ind2="2">
    <subfield code="a">RU</subfield>
    <subfield code="b">&#x420;&#x413;&#x411;</subfield>
    <subfield code="c">20140404</subfield>
    <subfield code="g">rcr</subfield>
  </datafield>
  <datafield tag="942" ind1=" " ind2=" ">
    <subfield code="c">BOOK</subfield>
  </datafield>
  <datafield tag="980" ind1=" " ind2=" ">
    <subfield code="a">NBR</subfield>
  </datafield>
</record>
